Greys Anatomy Trivia #1 - Statistics

General Stats
  • This quiz has been taken 2,726 times
  • The average score is 11 of 15
Answer Stats
Question Answer % Correct
How many kids does Meredith have? 3
95%
What is the name of Merediths adopted daughter? Zola
94%
Who wins the custody battle over Sofia? Arizona
93%
Which doctor now wears Derek Shepherd's scrub cap? Meredith Grey
93%
Does Meredith attend the Harper Avery Awards ceremony at the beginning of season 14? No
90%
What was Meredith's dogs name? Doc
83%
Where does Callie move in order to be with Penny? New York
83%
Which resident does Callie follow to New York? Penny
82%
Who stands in the super hero pose before her surgeries? Amelia Shepherd
80%
What does Derek say before almost all of his surgeries? It's a beautiful day to save lives
72%
Which doctor now wears Mark Sloan's scrub cap? Jackson Avery
71%
Who does Alex almost go to jail for beating up? Andrew Deluca
70%
Who's mother dies in season 13? Maggie Pierce
62%
What is Jo Wilson's real name? Brooke
51%
What pattern is Derek's scrub cap? Ferrie Boats
11%
No matching quizzes found
Score Distribution
Percent of People with Each Score
Percentile by Number Answered
Your Score History
You have not taken this quiz